The building conservation directory 2015 (Record no. 115291)

MARC details
000 -LEADER
fixed length control field 01165cam a22002415a 4500
001 - CONTROL NUMBER
control field L158403
008 - FIXED-LENGTH DATA ELEMENTS--GENERAL INFORMATION
fixed length control field 120118s2015 xxkao f r 001 0 eng d
020 ## - INTERNATIONAL STANDARD BOOK NUMBER
International Standard Book Number 97819000915717
035 ## - SYSTEM CONTROL NUMBER
System control number (Sirsi) u158403
041 0# - LANGUAGE CODE
Language code of text/sound track or separate title eng
050 ## - LIBRARY OF CONGRESS CALL NUMBER
Classification number 690.241 $2 18
245 04 - TITLE STATEMENT
Title The building conservation directory 2015
Remainder of title a guide to specialist suppliers, consultants and craftspeople in traditional building conservation, refurbishment and design
250 ## - EDITION STATEMENT
Edition statement 21th ed.
260 ## - PUBLICATION, DISTRIBUTION, ETC.
Place of publication, distribution, etc. Tisbury
Name of publisher, distributor, etc. Cathedral Communications
Date of publication, distribution, etc. 2015
300 ## - PHYSICAL DESCRIPTION
Extent 204p.
Other physical details ill.
Dimensions 30cm.
505 2# - FORMATTED CONTENTS NOTE
Formatted contents note Professional services -- Building contractors -- Structure and fabric -- Services and treatment -- Interiors -- Useful information: courses and training; course listings; events; publications; useful contacts -- Indices.
520 ## - SUMMARY, ETC.
Summary, etc. Annual edition of a source providing specifiers of works to historic buildings, their contents and surroundings a starting point for appropriate products, services and expert service.
520 ## - SUMMARY, ETC.
Summary, etc. Website regularly updated www.buildingconservation.com
590 ## - LOCAL NOTE (RLIN)
Local note KA
651 #4 - SUBJECT ADDED ENTRY--GEOGRAPHIC NAME
Geographic name United Kingdom
Chronological subdivision
690 ## - LOCAL SUBJECT ADDED ENTRY--TOPICAL TERM (OCLC, RLIN)
Topical term or geographic name as entry element Conservation and restoration
942 ## - ADDED ENTRY ELEMENTS (KOHA)
Suppress in OPAC 0
Holdings
Withdrawn status Lost status Source of classification or shelving scheme Damaged status Not for loan Home library Current library Shelving location Date acquired Total Checkouts Full call number Barcode Date last seen Copy number Price effective from Koha item type
    Dewey Decimal Classification     London London Books 03/02/2015   F690.241 BUI 30075299 06/08/2019 1 06/08/2019 Book